00574nam a2200217Ia 4500001000900000003000500009005001700014008004100031010001100072040000900083082001100092100001900103245004800122260002700170300001800197650003100215650002600246650003300272650003100305650002000336dia_1231CHAP20230126111055.0220117s1968 xx 000 0 und d a171772 cCHAP a531 P6 aPopov, Egor P. aIntroducción a la Mecánica de Sólidos aMéxico, Limusac1968 a652 pp. ilus. aDeformaciones mecánicas  aEsfuerzo y tensión  aIngeniería de estructuras  aResistencia de materiales  aSólidos i. t,